000 02082cam a2200421Ii 4500
001 1155201455
003 OCoLC
005 20200625161620.0
008 200522t20202020meua d 000 1 eng d
020 _a9781432878672
_qhardcover ;
_qlarge print
020 _a1432878670
_qhardcover ;
_qlarge print
035 _a(OCoLC)1155201455
040 _aTDS
_beng
_erda
_cTDS
_dIMT
_dSO$
050 4 _aPS3606.O7494
_bB54 2020b
082 0 4 _a813/.6
_223
092 _aFOSSEY
100 1 _aFossey, Brooke,
_eauthor.
_96363764
245 1 4 _aThe big finish /
_cBrooke Fossey.
250 _aLarge print edition.
250 _aUnabridged.
264 1 _aWaterville, ME :
_bThorndike Press, a part of Gale, a Cengage Company,
_c2020.
264 4 _c©2020.
300 _a483 pages (large print) :
_billustration ;
_c24 cm.
336 _atext
337 _aunmediated
338 _avolume
490 0 _aThorndike Press large print basic.
520 _a"For Duffy Sinclair life boils down to one simple thing: maintaining his residence at the idyllic Centennial Assisted Living. Without it, he's destined for the roach-infested nursing home down the road--and after wasting the first eighty-eight years of his life, he refuses to waste away for the rest. So, he keeps his shenanigans to the bare minimum with the help of his best friend and roommate, Carl Upton. Then Carl's granddaughter Josie climbs through their bedroom window with booze on her breath and a black eye. Thanks to an unlikely friendship that becomes fast family, his life doesn't boil down they same anymore. Not when he finally has a chance to leave a legacy."--Back cover.
650 0 _aOlder men
_vFiction.
_95675774
650 0 _aYoung women
_vFiction.
_95674220
650 0 _aFriendship
_vFiction.
_95673769
650 0 _aInterpersonal relations
_vFiction.
_95673978
650 0 _aCongregate housing
_vFiction.
_96363765
655 7 _aDomestic fiction.
_2lcgft.
_96363766
655 0 _aLarge type books.
_96363767
907 _a.b430332798
942 _2ddc
_cBOOK
999 _c351283
_d351283